[Event "GRE-chT Online Rapid op 1st"]
[Site "Tornelo INT"]
[Date "2021.02.20"]
[Round "3.9"]
[White "Lafkidis, Apostolos"]
[Black "Pelekis, Georgios"]
[Result "1/2-1/2"]
[WhiteElo "1483"]
[BlackElo "1775"]
[PlyCount "111"]
[EventDate "2021.02.20"]
[EventType "team-swiss (rapid)"]
[EventRounds "9"]
[EventCountry "GRE"]
[SourceTitle "EXT 2023"]
[Source "ChessBase"]
[SourceDate "2022.10.05"]
[SourceVersion "1"]
[SourceVersionDate "2022.10.05"]
[SourceQuality "1"]

1. e4 Nc6 2. d4 d5 3. e5 Bf5 4. c3 e6 5. Bd3 Nge7 6. Nf3 f6 7. Bxf5 Nxf5 8. Qe2 fxe5 9. Nxe5 Nxe5 10. Qxe5 Qf6 11. Qxf6 gxf6 12. Nd2 h5 13. Nf3 Bd6 14. Bd2 Rg8 15. g3 0-0-0 16. 0-0-0 c6 17. Ne1 Bc7 18. Nd3 b6 19. Bf4 Rde8 20. Rde1 h4 21. Re2 hxg3 22. hxg3 Nd6 23. Bxd6 Bxd6 24. Rh6 Rgf8 25. Rh7 a5 26. Rh6 Kd7 27. Rh7+ Re7 28. Rxe7+ Kxe7 29. Kd2 Rh8 30. a3 a4 31. f4 Kd7 32. Rg2 Rg8 33. Ke3 c5 34. Kf3 Rh8 35. Re2 cxd4 36. cxd4 Rh1 37. Re1 Rxe1 38. Nxe1 e5 39. fxe5 fxe5 40. dxe5 Bxe5 41. Nd3 Bd6 42. g4 Ke6 43. Ke3 Bc5+ 44. Kf4 Bd4 45. g5 Kf7 46. Kf5 Kg7 47. Ke6 Kg6 48. Kxd5 Bg1 49. Ne5+ Kf5 50. g6 Kf6 51. Nd7+ Kxg6 52. Kc4 Kf5 53. Kb5 Bd4 54. Kxa4 Bxb2 55. Nxb6 Bxa3 56. Kxa3 1/2-1/2

[Event "GRE-ch Online Blitz op 1st"]
[Site "Tornelo INT"]
[Date "2021.02.07"]
[Round "11"]
[White "Pelekis, Georgios"]
[Black "Kyparissopoulos, Spyridon"]
[Result "0-1"]
[WhiteElo "1650"]
[BlackElo "1196"]
[PlyCount "104"]
[EventDate "2021.02.07"]
[EventType "swiss (blitz)"]
[EventRounds "16"]
[EventCountry "GRE"]
[SourceTitle "EXT 2023"]
[Source "ChessBase"]
[SourceDate "2022.10.05"]
[SourceVersion "1"]
[SourceVersionDate "2022.10.05"]
[SourceQuality "1"]

1. e4 c5 2. d4 cxd4 3. c3 dxc3 4. Nxc3 Nc6 5. Nf3 g6 6. Bc4 Bg7 7. e5 Nxe5 8. Nxe5 Bxe5 9. Bxf7+ Kxf7 10. Qd5+ Ke8 11. Qxe5 Nf6 12. Bg5 Rf8 13. 0-0 d6 14. Qe2 Kf7 15. Rfe1 Re8 16. Qc4+ d5 17. Qb3 e6 18. Rad1 Qb6 19. Qc2 Bd7 20. Qe2 Qc7 21. Qf3 Qd8 22. Rd4 Kg7 23. Rf4 Rf8 24. Bxf6+ Rxf6 25. Rxf6 Qxf6 26. Qd3 a6 27. a4 Re8 28. h3 Bc6 29. Qd2 h6 30. b3 d4 31. Ne2 e5 32. Ng3 Qf4 33. Qc2 e4 34. Qc4 Qd6 35. Ne2 Qd5 36. Nc1 Qxc4 37. bxc4 Bxa4 38. c5 Bc6 39. f3 e3 40. Nd3 Kf6 41. f4 Bb5 42. Ne5 Rxe5 43. fxe5+ Kxe5 44. g3 Ke4 45. Kg2 d3 46. g4 d2 47. Rd1 Kd3 48. Kf3 Ba4 49. Rg1 d1Q+ 50. Rxd1+ Bxd1+ 51. Kf4 e2 52. Ke5 e1Q+ 0-1

[Event "GRE-ch Online Rapid op 1st"]
[Site "Tornelo INT"]
[Date "2021.02.06"]
[Round "5"]
[White "Pachtas, Chaideftos"]
[Black "Pelekis, Georgios"]
[Result "0-1"]
[WhiteElo "1087"]
[BlackElo "1883"]
[PlyCount "52"]
[EventDate "2021.02.06"]
[EventType "swiss (rapid)"]
[EventRounds "8"]
[EventCountry "GRE"]
[SourceTitle "EXT 2023"]
[Source "ChessBase"]
[SourceDate "2022.10.05"]
[SourceVersion "1"]
[SourceVersionDate "2022.10.05"]
[SourceQuality "1"]

1. e4 Nc6 2. d4 d5 3. Nc3 dxe4 4. d5 Ne5 5. Nxe4 e6 6. c4 Bb4+ 7. Bd2 Bxd2+ 8. Qxd2 exd5 9. cxd5 Nf6 10. Nxf6+ Qxf6 11. f4 Ng4 12. Nf3 0-0 13. 0-0-0 Qb6 14. Re1 Bf5 15. Bc4 Qc5 16. Qd4 Qd6 17. h3 Nf6 18. g4 Bd7 19. Ne5 b5 20. Nxd7 Qxd7 21. Bb3 c5 22. Qf2 c4 23. Bc2 Qxd5 24. Rhg1 Qd6 25. g5 Nh5 26. Re5 Rfe8 0-1

[Event "GRE-ch Online Rapid op 1st"]
[Site "Tornelo INT"]
[Date "2021.02.06"]
[Round "3"]
[White "Theodoroglakis, Ioannis"]
[Black "Pelekis, Georgios"]
[Result "0-1"]
[WhiteElo "1103"]
[BlackElo "1883"]
[PlyCount "80"]
[EventDate "2021.02.06"]
[EventType "swiss (rapid)"]
[EventRounds "8"]
[EventCountry "GRE"]
[SourceTitle "EXT 2023"]
[Source "ChessBase"]
[SourceDate "2022.10.05"]
[SourceVersion "1"]
[SourceVersionDate "2022.10.05"]
[SourceQuality "1"]

1. c4 e5 2. Nc3 Nf6 3. g3 Bb4 4. Bg2 Bxc3 5. bxc3 d6 6. Rb1 Nc6 7. d3 0-0 8. Nf3 e4 9. Nd4 exd3 10. Qxd3 Ne5 11. Qc2 c6 12. Qb3 a5 13. a4 Re8 14. 0-0 h6 15. Bf4 Nfd7 16. Nf3 Nc5 17. Qa2 Nxf3+ 18. Bxf3 g5 19. Be3 Qf6 20. Bd4 Qf5 21. Bxc5 Qxc5 22. e3 Rb8 23. Rfd1 Be6 24. Be2 d5 25. Rd4 Qe7 26. cxd5 Bxd5 27. Bc4 Bxc4 28. Qxc4 Rbd8 29. Qd3 Qf6 30. Rxb7 c5 31. Rxd8 Rxd8 32. Qc2 Qf3 33. Rb1 c4 34. Rc1 h5 35. Rb1 h4 36. gxh4 gxh4 37. Qc1 h3 38. Qf1 Kh8 39. Rc1 Rg8+ 40. Qg2 Qxg2# 0-1

[Event "Athens Epikoinonia 1st"]
[Site "Athens"]
[Date "2013.04.28"]
[Round "3.6"]
[White "Pelekis, Georgios"]
[Black "Parras, Konstantinos"]
[Result "1-0"]
[WhiteElo "1868"]
[BlackElo "1665"]
[PlyCount "93"]
[EventDate "2013.04.14"]
[EventType "swiss"]
[EventRounds "7"]
[EventCountry "GRE"]
[SourceTitle "EXT 2024"]
[Source "ChessBase"]
[SourceDate "2023.10.10"]
[SourceVersion "1"]
[SourceVersionDate "2023.10.10"]
[SourceQuality "1"]

1. e4 e5 2. Nf3 Nc6 3. d4 exd4 4. Nxd4 Bc5 5. Nxc6 Qf6 6. Qf3 dxc6 7. Be2 Qxf3 8. gxf3 Ne7 9. Rg1 g6 10. Bf4 Bd6 11. e5 Nd5 12. Bg3 Be7 13. a3 Bg5 14. Nd2 Bf4 15. c4 Bxg3 16. fxg3 Ne3 17. Kf2 Nc2 18. Rad1 Nd4 19. Bd3 Bf5 20. Bxf5 Nxf5 21. Ne4 Rd8 22. Rxd8+ Kxd8 23. Rd1+ Ke7 24. Nf6 Rd8 25. Rxd8 Kxd8 26. Nxh7 Ke7 27. Nf6 b5 28. g4 Nd4 29. cxb5 cxb5 30. h4 c5 31. h5 gxh5 32. gxh5 Nf5 33. f4 Ke6 34. Ng8 a5 35. h6 Nh4 36. h7 Ng6 37. f5+ Kxf5 38. Ne7+ Nxe7 39. h8Q Nd5 40. Qc8+ Kxe5 41. Qxc5 b4 42. Qxa5 bxa3 43. bxa3 f5 44. Qc5 Ke4 45. a4 Nf4 46. Qc4+ Ke5 47. Qxf4+ 1-0

[Event "Anogia op 1st"]
[Site "Anogia"]
[Date "2012.08.01"]
[Round "4"]
[White "Pelekis, Georgios"]
[Black "Tzouganakis, Panteleimon"]
[Result "0-1"]
[WhiteElo "1836"]
[BlackElo "2096"]
[PlyCount "76"]
[EventDate "2012.07.30"]
[EventType "swiss"]
[EventRounds "7"]
[EventCountry "GRE"]
[SourceTitle "EXT 2013"]
[Source "ChessBase"]
[SourceDate "2012.11.22"]
[SourceVersion "1"]
[SourceVersionDate "2012.11.22"]
[SourceQuality "1"]

1. e4 c5 2. c3 Nf6 3. e5 Nd5 4. Nf3 Nc6 5. Bc4 Nb6 6. Bb3 c4 7. Bc2 Qc7 8. Qe2 g5 9. e6 dxe6 10. Nxg5 Qe5 11. d3 Qxe2+ 12. Kxe2 Bg7 13. Na3 h6 14. Ne4 cxd3+ 15. Bxd3 0-0 16. Nc4 Nd5 17. a4 f5 18. Ng3 e5 19. Nh5 e4 20. Bc2 Be6 21. Bb3 Rad8 22. Nf4 Bf7 23. Nxd5 Bxd5 24. Bf4 e5 25. Bg3 Bf6 26. f4 exf3+ 27. gxf3 Bf7 28. Rad1 e4 29. h4 Kh7 30. h5 exf3+ 31. Kf2 Be7 32. Rxd8 Rxd8 33. Re1 Bxh5 34. Ne3 Rd2+ 35. Kf1 Bg6 36. Bd5 f4 37. Bxf4 Bd3+ 38. Kg1 f2+ 0-1

[Event "Anogia op 1st"]
[Site "Anogia"]
[Date "2012.07.31"]
[Round "2"]
[White "Pelekis, Georgios"]
[Black "Kokolias, Konstantinos"]
[Result "0-1"]
[WhiteElo "1836"]
[BlackElo "2228"]
[PlyCount "64"]
[EventDate "2012.07.30"]
[EventType "swiss"]
[EventRounds "7"]
[EventCountry "GRE"]
[SourceTitle "EXT 2013"]
[Source "ChessBase"]
[SourceDate "2012.11.22"]
[SourceVersion "1"]
[SourceVersionDate "2012.11.22"]
[SourceQuality "1"]

1. e4 e5 2. Nf3 Nc6 3. d4 exd4 4. Nxd4 Nf6 5. Nxc6 bxc6 6. e5 Ne4 7. Qe2 Nc5 8. c4 Be7 9. Nc3 0-0 10. g3 f6 11. f4 fxe5 12. fxe5 d5 13. Bg2 Bf5 14. 0-0 Bd3 15. Rxf8+ Qxf8 16. Qg4 Bxc4 17. Be3 Qf7 18. Bh3 Rf8 19. Bd4 Qf3 20. e6 Qxg4 21. Bxg4 a5 22. Re1 Nd3 23. Re2 Nc1 24. Re1 Nd3 25. Re2 c5 26. Be5 Nxe5 27. Rxe5 Rf1+ 28. Kg2 c6 29. b3 Ba6 30. Na4 Ra1 31. Nxc5 Rxa2+ 32. Kf3 Bxc5 0-1